Största städerna på C i Nordamerika, enligt bild - Statistics

General Stats
  • This quiz has been taken 2 times
  • The average score is 8 of 20
Answer Stats
Picture Hint Answer % Correct
🇨🇦 1 300 000 Calgary
100%
🇲🇽 890 000 Cancún
100%
🇭🇹 430 000 Carrefour (Kafou)
100%
🇺🇸 2 670 000 Chicago
100%
🇺🇸 360 000 Cleveland
100%
🇺🇸 910 000 Columbus
100%
🇺🇸 900 000 Charlotte
50%
🇲🇽 1 070 000 Ciudad {Nezahualcóyotl}
50%
🇺🇸 490 000 Colorado Springs
50%
🇲🇽 380 000 Celaya
0%
🇲🇽 930 000 Chihuahua
0%
🇲🇽 700 000 {Chimal}huacán
0%
🇲🇽 540 000 Ciudad {Apodaca}
0%
🇲🇽 450 000 Ciudad General {Escobedo}
0%
🇲🇽 520 000 Ciudad {López Mateos} ({Atizapán})
0%
🇲🇽 330 000 Ciudad {Obregón}
0%
🇲🇽 330 000 Ciudad {Victoria}
0%
🇲🇽 520 000 {Cuautitlán} Izcalli
0%
🇲🇽 340 000 Cuernavaca
0%
🇲🇽 810 000 Culiacán
0%
No matching quizzes found
Score Distribution
Percent of People with Each Score
Percentile by Number Answered
Your Score History
You have not taken this quiz